| 000 | 00762cam a22002531 4500 | ||
|---|---|---|---|
| 001 | af 48003251 | ||
| 003 | DLC | ||
| 005 | 20260227110901.0 | ||
| 008 | 861008s1939 fr b 000 0 fre c | ||
| 010 | _aaf 48003251 | ||
| 035 | _a(OCoLC)14364034 | ||
| 040 |
_aHarvard Univ. Library _cTxLT _dTxLT _dDLC |
||
| 042 | _apremarc | ||
| 043 | _ae-gx--- | ||
| 050 | 0 | 0 |
_aDD115 _b.B44 |
| 100 | 1 |
_aBerr, Henri, _d1863-1954. |
|
| 245 | 1 | 0 | _aMachiavel et l'Allemagne. |
| 260 |
_aParis, _bA. Michel _c[1939] |
||
| 300 |
_a30, [2] p. _c18 cm. |
||
| 440 | 0 |
_aCollection Descartes: Pour la vérité. _pSérie erreurs et vérités |
|
| 504 | _a"Note bibliographique": p. [31] | ||
| 651 | 0 |
_aGermany _xPolitics and government. |
|
| 600 | 1 | 0 |
_aMachiavelli, Niccolò, _d1469-1527. |
| 999 |
_c5484 _d5484 |
||